000 00915cam a2200301 a 4500
999 _c3941
_d3941
001 988875
003 OSt
005 20241122134426.0
008 220523s2012 enka b 000 j eng d
020 _a9781406337785
_q(paperback) :
040 _aTWTCL
_beng
_cTWTCL
_eaacr
_dKH8
041 0 _aeng
042 _anbic
082 0 _a823.92 WIL
100 1 _aWillis, Jeanne,
_d1959-
_eAuthor
245 1 0 _aMole's Sunrise /
_cby Jeanne Willis ; illustrated by Sarah Fox-Davies.
264 1 _aLondon :
_bWalker Books,
_c2012.
300 _a[24] pages :
_bcolor illustration ;
_c22 x 26 cm.
336 _atext
_btxt
_2rdacontent.
337 _aunmediated
_bn
_2rdamedia.
338 _avolume
_bnc
_2rdacarrier.
650 0 _aImagination
_vPictorial works
_vJuvenile fiction.
653 _aEnglish Learning.
653 _a青少年
653 _aKF.
700 1 _aFox-Davies, Sarah.
_eIllustrator
942 _2ddc
_cFIC